000 01070nam0a22002771 4500
001 rc\4513307
005 20130416175451.0
021 _aRU
_b[66-857]
035 _a(NLR Aleph) 008620547
090 _a8820338
_c8820338
100 _a20130416d1966 |||y0rusy50 ca
101 0 _arus
102 _aRU
105 _aa z |||||
200 1 _aСудейство шахматных соревнований
_eВ помощь судье по шахматам
_fПод ред. судьи междунар. категории Б.П. Наглиса
210 _aМосква
_cФизкультура и спорт
_d1966
215 _a78 с.
_cил.
_d20
300 _aПеред загл. авт.: Ю.И. Карахан, судья всесоюз. категории
606 _aШахматные соревнования
_xСудейство
_2psbo
700 1 _aКарахан
_bЮ. И.
_gЮрий Иванович
702 1 _aНаглис
_bБ. П.
_4340
801 0 _aRU
_bNLR
_gpsbo
801 1 _aRU
_bELAR
_2rusmarc
852 _aNLR
_j66-4/514
942 _cBOOK
980 _aNB